LDR 00696naa#a2200181#i#450# 001 EN\\bibl\126798 005 20260701165552.3 011 ## _a1815-588X 100 ## _a20260630b2026####ek#y0engy0150####ca 102 ## _aRU 200 1# _aStress-Strain State of the Tunnel Chamber After Renovation of the Ventilation Shaft _eJournal article 210 1# _aSaint-Petersburg _cFSBEI HE "Emperor Alexander I St. Petersburg State Transport University" _d2026 215 ## _a10 с. 608 ## _aJournal article _2local 675 ## _aНапряжения в конструктивных элементах. 624.042.12 _z 700 #1 _aSokornov _gAnton Aleksandrovich 700 #1 _aKon'kov _gAleksandr Nikolaevich 856 4# _aitt-pgups.ru _u